| 000 | 01042nam a22003857a 4500 | ||
|---|---|---|---|
| 005 | 20241212172338.0 | ||
| 008 | 151006b xxu||||| |||| 00| 0 spa d | ||
| 041 | _aspa | ||
| 082 | _a658.401.2 D475a5 | ||
| 100 |
_aDess, Gregory _940134 |
||
| 245 | _aAdministración estratégica: textos y casos | ||
| 250 | _a5 edición | ||
| 260 | _aMéxico | ||
| 260 | _bMcGraw Hill | ||
| 260 | _c2011 | ||
| 300 | _a489 páginas | ||
| 650 | _aPLANEACIÓN ESTRATÉGICA | ||
| 650 | _aADMINISTRACIÓN ESTRATÉGICA | ||
| 650 | _aIMPLEMENTACIÓN DE LAS ESTRATEGIAS | ||
| 650 | _aVENTAJAS COMPETITIVAS | ||
| 650 | _aACTIVOS | ||
| 650 | _aRECURSOS HUMANOS | ||
| 650 | _aEVALUACIÓN DEL AMBIENTE LABORAL | ||
| 650 | _aINDICADORES | ||
| 650 | _aTECNOLOGÍA | ||
| 650 | _aESTRUCTURA ORGANIZACIONAL | ||
| 650 | _aCAPITAL SOCIAL | ||
| 650 | _aMERCADOS GLOBALES | ||
| 650 | _aLIDERAZGO | ||
| 650 | _aORGANIZACIÓN DE APRENDIZAJE | ||
| 650 | _aRECURSOS TANGIBLES | ||
| 650 | _aINNOVACIÓN | ||
| 942 |
_cBK _2ddc |
||
| 999 |
_c7255 _d7255 |
||